| 000 | 00898nam0a2200277 4500 | ||
|---|---|---|---|
| 001 | RU\NLR\bibl\65604 | ||
| 005 | 20250616093128.0 | ||
| 010 |
_a5-279-01997-6 _92000 |
||
| 021 |
_aRU _b98-37594 _91802 |
||
| 035 | _a(NLR Aleph) 000063990 | ||
| 090 |
_a349994 _c349994 |
||
| 100 | _a19991224d1998 |||y0rusy50 ca | ||
| 101 | 1 |
_arus _ceng |
|
| 102 | _aRU | ||
| 105 | _ay l ||||| | ||
| 200 | 1 |
_aФортран 90 _eМеждунар. стандарт _fПер. с англ. С.Г. Дробышевич |
|
| 210 |
_aМ. _cФинансы и статистика _d1998 |
||
| 215 |
_a378 с. _d24 |
||
| 606 | 0 |
_aFORTRAN 90, язык программирования _jСтандарты _92106603 _3RU\NLR\auth\661273496 |
|
| 686 | _aЗ973.2-018.1я86 | ||
| 801 | 0 |
_aRU _bNLR _c19991224 _gPSBO |
|
| 801 | 1 |
_aRU _bNLR _c19991224 |
|
| 852 |
_aNLR _j99-7/2641 |
||
| 942 | _cBOOK | ||
| 980 | _aNB | ||